Govt. of
Madhya Pradesh

National Rural Employment Guarantee Act (NREGA) (Record no. 45749)

MARC details
000 -LEADER
fixed length control field 004570000a22001690004500
003 - CONTROL NUMBER IDENTIFIER
control field MACL
005 - DATE AND TIME OF LATEST TRANSACTION
control field 20151028152228.0
008 - FIXED-LENGTH DATA ELEMENTS--GENERAL INFORMATION
fixed length control field 151028b xxu||||| |||| 00| 0 eng d
040 ## - CATALOGING SOURCE
Original cataloging agency MACL
Transcribing agency MACL
041 ## - LANGUAGE CODE
Language code of text/sound track or separate title English
082 ## - DEWEY DECIMAL CLASSIFICATION NUMBER
Classification number 352.63/VAI
100 ## - MAIN ENTRY--PERSONAL NAME
Personal name Vaidya, Sudhir
9 (RLIN) 17209
245 ## - TITLE STATEMENT
Title National Rural Employment Guarantee Act (NREGA)
Remainder of title With Schemes and Guidelines
260 ## - PUBLICATION, DISTRIBUTION, ETC. (IMPRINT)
Name of publisher, distributor, etc. Arise Publishers
Date of publication, distribution, etc. 2011
Place of publication, distribution, etc. New Delhi
350 ## - PRICE (NR) (BK AM CF MU VM SE) [OBSOLETE]
Price 795
942 ## - ADDED ENTRY ELEMENTS (KOHA)
Koha item type Books
Source of classification or shelving scheme
Holdings
Withdrawn status Lost status Source of classification or shelving scheme Damaged status Not for loan Home library Current library Date acquired Cost, normal purchase price Full call number Barcode Date last seen Uniform Resource Identifier Price effective from Koha item type
          MACL MACL 15/04/2015 795.00 352.63/VAI CRE027208 02/05/2024 46146 15/04/2015 Books